| 000 | 00539nam a22001337a 4500 | ||
|---|---|---|---|
| 008 | 160804b xxu||||| |||| 00| 0 eng d | ||
| 050 | _aBX870.2005A5 | ||
| 100 |
_aBenedict xvi _95491 |
||
| 245 |
_aAfricae munus _b:of his holiness Pope Benedict xvi to the bishops, clergy, consecrated persons and the lay faithful on the church in Africa in service to reconciliation, justice and peace _c/ Benedict xvi |
||
| 260 |
_as.l. _bWord Media _c2011 |
||
| 300 |
_a88p. ; _c21cm. |
||
| 650 |
_aChristianity in Africa _924592 |
||
| 942 |
_2lcc _cMONOGRAPH |
||
| 999 |
_c124845 _d124845 |
||